Statistiken für Kreuzworträtsel: Länder der Erde

Klicken Sie hier um das Quiz zu spielen!

Allgemein

  • Dieses Quiz wurde 1.036 mal gespielt
  • Das Durchschnittsergebnis liegt bei 21 aus 40

Antwortstatistiken

Antwort% Korrekt
Nepal
81%
Israel
79%
Japan
79%
Jamaika
78%
Belgien
77%
Panama
75%
Madagaskar
74%
Marokko
74%
Kuba
73%
Polen
73%
Andorra
70%
Katar
61%
Kanada
60%
Kosovo
60%
Peru
59%
Iran
58%
Oman
57%
Singapur
55%
Syrien
53%
Namibia
52%
Frankreich
51%
Irak
48%
Togo
48%
Sri Lanka
46%
Deutschland
45%
Portugal
45%
Südkorea
45%
Malawi
43%
Ruanda
42%
Barbados
41%
Mali
41%
Guinea
39%
Angola
37%
Kenia
34%
Dänemark
32%
Dschibuti
31%
Burkina Faso
29%
Samoa
24%
Guyana
17%
Weltreise
8%

Verteilung der Resultate

Perzentil nach korrekt beantworteten Fragen

Anzahl Personen mit jedem Resultat

Ihre Resultats-Entwicklung

Sie haben dieses Quiz noch nicht gespielt